00541nam a2200205Ia 4500003000400000008004100004020001500045040001600060082001600076100001700092245002800109700002000137700002000157260005200177300002600229490003100255650001200286650001500298650002200313GCL140319s9999 xx 000 0 eng d a1857150619 aGCL / cGCL04a321.07bM U1 aMORE, THOMAS10aUTOPIA / cMORE, THOMAS1 aROBINSON, RALPH1 aMEZCIEMS, JENNY aانجلترا : bEVERYMAN'S LIBRARY ، c1992 a21 CM ؛ cXLI, 148 P aTHE MILLENNIUM LIBRARYv6104aUTOPIAS04aSTATE, THE04aPOLITICAL SCIENCE